[Event "Mogliano Veneto op-C 31st"]
[Site "Mogliano Veneto"]
[Date "2010.05.02"]
[Round "5"]
[White "Monari, Emanuele"]
[Black "De Col, Daniele"]
[Result "1/2-1/2"]
[WhiteElo "1461"]
[BlackElo "1466"]
[PlyCount "30"]
[EventDate "2010.04.30"]
[EventType "swiss"]
[EventRounds "5"]
[EventCountry "ITA"]
[SourceTitle "EXT 2023"]
[Source "ChessBase"]
[SourceDate "2022.10.05"]
[SourceVersion "1"]
[SourceVersionDate "2022.10.05"]
[SourceQuality "1"]

1. e4 d5 2. exd5 Qxd5 3. Nc3 Qa5 4. d4 Nf6 5. Bf4 Bf5 6. Bc4 e6 7. a3 Nbd7 8. Nf3 Ne4 9. Bd2 Nxd2 10. Nxd2 0-0-0 11. 0-0 Nf6 12. Ne2 Qb6 13. Nf3 Bg4 14. Ne5 Bh5 15. b4 Bd6 1/2-1/2

[Event "Mogliano Veneto op-C 31st"]
[Site "Mogliano Veneto"]
[Date "2010.05.01"]
[Round "2"]
[White "Baldizzi, Riccardo"]
[Black "Monari, Emanuele"]
[Result "0-1"]
[WhiteElo "1287"]
[BlackElo "1461"]
[PlyCount "92"]
[EventDate "2010.04.30"]
[EventType "swiss"]
[EventRounds "5"]
[EventCountry "ITA"]
[SourceTitle "EXT 2023"]
[Source "ChessBase"]
[SourceDate "2022.10.05"]
[SourceVersion "1"]
[SourceVersionDate "2022.10.05"]
[SourceQuality "1"]

1. e4 e5 2. Nf3 Nc6 3. d4 exd4 4. Bc4 Bc5 5. c3 dxc3 6. Bxf7+ Kxf7 7. Qd5+ Ke8 8. Qxc5 cxb2 9. Bxb2 Nf6 10. e5 d6 11. exd6 Qxd6 12. Qg5 Kf7 13. Ne5+ Nxe5 14. Bxe5 Re8 15. f4 h6 16. Qg3 Qd4 17. Kf1 Rxe5 18. fxe5 Qxa1 19. Qb3+ Kg6 20. exf6 Qxf6+ 21. Ke1 Qe6+ 22. Qxe6+ Bxe6 23. Nc3 c6 24. a3 Rd8 25. Rf1 Rd3 26. Ne2 Rxa3 27. Nf4+ Kf5 28. Nh5+ Ke5 29. Nxg7 Ra1+ 30. Kf2 Rxf1+ 31. Kxf1 a5 32. Ke2 b5 33. Nxe6 Kxe6 34. Kd2 Kd5 35. Kc3 b4+ 36. Kb3 Kd4 37. g4 c5 38. h4 a4+ 39. Kb2 Kd3 40. g5 hxg5 41. hxg5 c4 42. g6 c3+ 43. Kc1 a3 44. Kb1 Kd2 45. g7 c2+ 46. Ka2 c1Q 0-1